Guess my favorite kpop songs - Statistics

General Stats
  • This quiz has been taken 426 times
  • The average score is 69 of 174
Answer Stats
Song Artist % Correct
Cheer up Twice
88%
Black mamba aespa
87%
Psycho Red velvet
87%
Russian roulette Red Velvet
85%
Miroh Stray kids
84%
Back door Stray kids
84%
As if it's your last Blackpink
83%
Hellevator Stray kids
83%
District9 Stray kids
82%
Black swan BTS
81%
Given-taken Enhypen
81%
Love scenario IKON
81%
Playing with fire Blackpink
80%
Spring day BTS
77%
Mmmh KAI
76%
Pirate king ATEEZ
73%
Growl EXO
73%
Cherry bomb NCT 127
73%
Kick it NCT 127
72%
Daechwita AgustD
71%
Crown TXT
71%
The eve EXO
70%
Ko ko bop EXO
70%
Side effects Stray kids
70%
Cry for me Twice
70%
Silver spoon BTS
67%
Just right GOT7
67%
Secret story of the swan IZ*ONE
67%
Double knot Stray kids
67%
Levanter Stray kids
67%
Replay SHINee
66%
Lotto EXO
65%
Lucifer SHINee
65%
Jopping SuperM
65%
Butterfly BTS
64%
Hello bitches CL
64%
House of cards BTS
63%
Obsession EXO
63%
Eyes, nose, lips Taeyang
62%
Wave ATEEZ
61%
Overdose EXO
60%
Easy Stray kids
60%
Knock knock Twice
60%
Cypher 4 BTS
59%
Get cool Stray kids
59%
Louder than bombs BTS
58%
Go go BTS
58%
Just one day BTS
58%
Inception ATEEZ
57%
Simon says NCT 127
57%
The 7th sense NCT U
56%
90's love NCT U
55%
Electric shock f(x)
54%
Love killa MonstaX
54%
Into the new world SNSD
54%
Criminal Taemin
54%
Thanxx ATEEZ
53%
Fireworks ATEEZ
53%
Twit Hwasa
53%
Rhythm ta IKON
53%
Mommae Jay Park
53%
Chronosaurus Stray kids
53%
Tiger inside SuperM
53%
Hard Carry GOT7
51%
Victory song Stray kids
51%
Really really WINNER
51%
Girls girls girls GOT7
50%
Answer ATEEZ
49%
Voices Stray kids
49%
Mirotic TVXQ!
49%
My house 2PM
48%
You calling my name GOT7
48%
bad girl, good girl MissA
48%
Puma TXT
47%
Crazy 4Minute
46%
Killing me IKON
46%
Why not ? LOONA
46%
The stealer The boyz
46%
Boxer Stray kids
45%
Loser Bigbang
43%
So What LOONA
43%
Trouble maker trouble maker
43%
Mirror Stray kids
42%
Haru haru Bigbang
41%
Maze of memories Stray kids
40%
Boy Treasure
38%
Sober Bigbang
37%
Abracadabra brown eyed girls
37%
Gunshot KARD
37%
Ice age MCND
37%
Daisy pentagon
36%
O sole mio SF9
36%
Idea Taemin
36%
Chained up VIXX
36%
Fiction Beast
35%
Fantasia MonstaX
35%
Candy Baekhyun
34%
Instagram DEAN
34%
I love you Treasure
34%
Never ever GOT7
33%
Flash X1
33%
Crazy sexy cool Astro
31%
Treasure ATEEZ
31%
Sugar free T-ara
31%
Boomerang Wanna one
31%
Blue flame Astro
30%
On track stray kids
30%
Turn back time WayV
30%
Good guy SF9
29%
No diggity ONEUS
28%
Dr bebe Pentagon
28%
Again and again 2PM
27%
A GOT7
27%
Bomb bomb KARD
27%
Bad alive WayV
24%
Face NU'EST
23%
What I said Victon
23%
Let's not fall in love Bigbang
22%
Bar bar bar Crayon Pop
22%
gimme gimme NCT 127
22%
Summer breeze SF9
22%
Roll deep Hyuna
21%
Regular WayV
21%
Bonamana Super Junior
20%
Mayday Victon
20%
Jungle CIX
19%
Trespass MonstaX
19%
RED Hyuna
18%
Undercover A.C.E
17%
Hey mama EXO-CBX
17%
Fanfare SF9
17%
Stay with me [ost] Chanyeol
16%
God damn I.M
16%
Jekyll EXO
15%
Goblin A.C.E
13%
One shot B.A.P
13%
10 billion views EXO-SC
13%
Wannabe Golden child
13%
Super car SuperM
13%
EOEO Uniq
13%
Losing you Wonho
13%
Savage A.C.E
12%
The last AgustD
12%
Apology IKON
12%
Sukhumvit swimming ONF
12%
Alone SISTAR
12%
No manners SuperM
12%
Blue Bigbang
11%
What a life EXO-SC
11%
Come back home ONEUS
11%
Lit Lay
10%
Diamond EXO
9%
Honeymoon B.A.P
8%
Everytime [ost] Chen
8%
One SuperM
8%
Stuck MonstaX
6%
Hands up B.A.P
5%
Going crazy EXO
5%
Red Moon Kim Wooseok
5%
Let's love Suho
5%
You are my everything [ost] Gummy
4%
Bingo 24K
2%
ONE Golden child
2%
My day [ost] Taemin
2%
But it's destiny [ost] 10CM
1%
Xie xie Bang Yongguk
1%
Hennessy BLOO
1%
I'm the one BLOO
1%
Confession KAI
1%
uleum Mokyo
1%
So rude BLOO
0%
Sunset [ost] Davichi
0%
Everything The black skirts
0%
Who do you love The black skirts
0%
No matching quizzes found
Score Distribution
Percent of People with Each Score
Percentile by Number Answered
Your Score History
You have not taken this quiz